Komparatívna analýza požiadaviek na vykazovanie a zverejňovanie nefinančných informácií podľa smerníc Európskej únie a právnej úpravy v Slovenskej republike v kontexte trvalej udržateľnosti
Historický náhľad na chápanie trvalej udržateľnosti. Historický náhľad na vykazovanie a zverejňovanie nefinančných informácií v kontexte trvalej udržateľnosti podniku. Komparatívna analýza niektorých dôležitých ustanovení týkajúcich sa vykazovania nefinančných informácií podľa smerníc Európskej únie...
Uložené v:
| Hlavný autor: | |
|---|---|
| Médium: | Kapitola |
| Jazyk: | Slovak |
| Predmet: | |
| Tagy: |
Žiadne tagy, Buďte prvý, kto otaguje tento záznam!
|
MARC
| LEADER | 00000nla a2200000 4500 | ||
|---|---|---|---|
| 001 | 0240846 | ||
| 005 | 20240502073924.1 | ||
| 041 | 0 | |a slo | |
| 044 | |a SK | ||
| 245 | 1 | 0 | |a Komparatívna analýza požiadaviek na vykazovanie a zverejňovanie nefinančných informácií podľa smerníc Európskej únie a právnej úpravy v Slovenskej republike v kontexte trvalej udržateľnosti |c Renáta Pakšiová |
| 520 | |a Historický náhľad na chápanie trvalej udržateľnosti. Historický náhľad na vykazovanie a zverejňovanie nefinančných informácií v kontexte trvalej udržateľnosti podniku. Komparatívna analýza niektorých dôležitých ustanovení týkajúcich sa vykazovania nefinančných informácií podľa smerníc Európskej únie a právnej úpravy v Slovenskej republike. Triedenie podnikov do veľkostných skupín. Stanovenie subjektov, ktoré vykazujú nefinančné informácie a požiadavky na konkrétne vykazované informácie. | ||
| 610 | 2 | 0 | |a analýza komparatívna |
| 610 | 2 | 0 | |a informácie |
| 610 | 2 | 0 | |a jednotka účtovná |
| 610 | 2 | 0 | |a smernice |
| 610 | 2 | 0 | |a legislatíva |
| 610 | 2 | 0 | |a rozvoj trvalo udržateľný |
| 610 | 2 | 0 | |a Slovensko |
| 610 | 2 | 0 | |a Európska únia |
| 100 | 1 | |a Pakšiová, Renáta, 1974- | |